LIBRARY & INFORMATION CENTRE, KCAET, TAVANUR

ONLINE PUBLIC ACCESS CATALOGUE (OPAC)

Mindapennu / (Record no. 1058)

MARC details
000 -LEADER
fixed length control field 00332cam a2200145ua 4500
041 ## - LANGUAGE CODE
Language code of text/sound track or separate title mal
082 ## - DEWEY DECIMAL CLASSIFICATION NUMBER
Classification number 894.812308
Item number URO/MI
100 ## - MAIN ENTRY--AUTHOR NAME
Personal name Uroob, .
245 ## - TITLE STATEMENT
Title Mindapennu /
260 ## - PUBLICATION, DISTRIBUTION, ETC. (IMPRINT)
Place of publication Calicut :
Name of publisher P.K Brothers ,
Year of publication 1957.
300 ## - PHYSICAL DESCRIPTION
Number of Pages 146 ; .
942 ## - ADDED ENTRY ELEMENTS (KOHA)
Koha item type Books
Holdings
Withdrawn status Lost status Damaged status Home library Current library Date acquired Full call number Accession Number Koha item type
Withdrawn   Damaged KAUAET KAUAET 07/04/2012 894.812308 1605 Books
free website counter